| 000 | 00799nam a22002417a 4500 | ||
|---|---|---|---|
| 005 | 20170124110207.0 | ||
| 010 | _aB-006757 | ||
| 020 |
_c100.00 _a8176030287 |
||
| 035 | _aB-006757 | ||
| 037 | _bCen Lib/Ret | ||
| 040 |
_aDPL _bEN |
||
| 082 |
_a000 _bPUR |
||
| 100 |
_aPuri, Gopal K. _937532 |
||
| 245 |
_aBusiness G.K./ business awareness : _cby Gopal K. Puri [and] Manish Puri _bfor all compititive exams / |
||
| 260 |
_aNew Delhi _bIIMS Publications _c2004 |
||
| 270 |
_a6/18, jangpura extention _bNew Delhi _e110014 |
||
| 300 |
_avarious pagings _c21cm(Hb) |
||
| 500 | _aIncludes index | ||
| 650 |
_aGeneralia _93517 |
||
| 650 |
_aCompititive exama books _xExercises, question paper etc _937533 |
||
| 700 |
_aPuri, Manish _937323 |
||
| 942 |
_2ddc _cEN _h000 _mPUR |
||
| 999 |
_c133302 _d133302 |
||